Statistics for 5sos fam

Click here to take the quiz!

General Stats

  • This quiz has been taken 627 times
  • The average score is 13 of 14

Answer Stats

HintAnswer% Correct
long fingersashton
100%
not asiancalum
100%
blonde and tallLuke
100%
colorful hairmichael
100%
hair dyemichael
100%
2011
97%
4
97%
steal my girlone direction
93%
gordon
88%
robert
87%
thomas
87%
fletcher
86%
youtube
85%
s___w__re n_wsomewhere new
51%

Score Distribution

Percentile by Number Answered

Percent of People with Each Score

Your Score History

You have not taken this quiz